NBA Players by Picture - Israel - Statistics

General Stats
  • This quiz has been taken 22 times
  • The average score is 3 of 6
Answer Stats
Picture Answer % Correct
Deni Avdija
89%
Danny Wolf
68%
Ben Saraf
58%
Omri Casspi
42%
T.J. Leaf
16%
Gal Mekel
0%
No matching quizzes found
Score Distribution
Percent of People with Each Score
Percentile by Number Answered
Your Score History
You have not taken this quiz